Canadian Provinces and Territories Alphabetically - Statistics

General Stats
  • This quiz has been taken 10 times
  • The average score is 10 of 13
Answer Stats
# Province / Territory % Correct
1 Alberta
100%
2 British Columbia
88%
3 Manitoba
88%
4 New Brunswick
88%
8 Nunavut
75%
9 Ontario
75%
10 Prince Edward Island
75%
13 Yukon
75%
5 Newfoundland and Labrador
63%
6 Northwest Territories
63%
11 Quebec
63%
12 Saskatchewan
63%
7 Nova Scotia
50%
No matching quizzes found
Score Distribution
Percent of People with Each Score
Percentile by Number Answered
Your Score History
You have not taken this quiz